[Event "Fraenkische GM 1st"]
[Site "Pulvermuehle"]
[Date "2000.01.18"]
[Round "6"]
[White "Wells, Peter K"]
[Black "Hamdouchi, Hicham"]
[Result "1/2-1/2"]
[WhiteElo "2483"]
[BlackElo "2513"]
[Annotator "Wells,P"]
[PlyCount "72"]
[EventDate "2000.01.12"]
[EventType "tourn"]
[EventRounds "9"]
[EventCountry "GER"]
[EventCategory "10"]
[SourceTitle "CBM 075"]
[Source "ChessBase"]
[SourceDate "2000.04.05"]
[SourceVersion "1"]
[SourceVersionDate "2000.04.05"]
[SourceQuality "1"]

1. d4 Nf6 2. Bg5 {I like to throw this move in now and again for a break from
heavy theory and hopefully for an element of surprise. The latter motivation
was rather misplaced here. Hichem looked far from phased by this choice - "
The English are always playing this against me" he explained afterwards!} Ne4
3. Bf4 c5 4. f3 (4. d5 {Might be an attempt to avoid the line in the game and
reach the variation I was after if black replies simply} Qb6 5. Bc1 e6 (5... g6
$5 {is however, for example a notable alternative.} 6. f3 Nd6 7. e4 Bg7 8. Nc3
f5 $5 (8... O-O $132 {[%cal Gf7f5]}) 9. exf5 Nxf5 10. g4 $5 Nh6 11. d6 {
[%cal Yc3d5]} e6 12. Nb5 Na6 13. Be3 $13 {1/2-1/2 Hodgson,J-Nunn,J/Oxford 1998/
CBM 69 (13) An immense quantity of confusion and interest to pack into such a
'gamelet'.}) 6. f3 Nf6 7. c4) 4... Qa5+ 5. c3 Nf6 6. d5 e6 $5 ({I don't think
that black has fully managed to solve his problems after} 6... Qb6 7. Bc1 $5 e6
8. c4 $14) 7. e4 d6 $6 (7... exd5 $1 {is better, and indeed looking at it in a
little more detail after the game, it begins to look like one of black's more
interesting choices against the Trompovsky. The key point is not to fear the
check on e2, eg.}) (7... exd5 8. exd5 d6 9. Na3 (9. Qe2+ $6 Be7 10. Bxd6 Nxd5
11. Qe5 (11. Bxb8 Rxb8 12. Qe5 Qb6 $1 13. Qxd5 Qxb2 14. Qe5 O-O 15. Qxe7 Bf5
16. Qg5 Bg6 17. Nd2 Qxa1+ 18. Kf2 Rfe8 $17 {[%csl Ra2,Rc3,Rf1,Rf2,Rg1,Rh1] 0-1
Popov,V-Novik,M/St.Petersburg 1992/CBM 28 ext (53)}) 11... Nc6 12. Qxd5 Be6 13.
Qxc5 Qxc5 14. Bxc5 Bxc5 {[%csl Re3] White pays a heavy price for the early f3
move in such cases.} 15. Bb5 O-O-O 16. Nd2 Be3 17. Nc4 Bxc4 18. Bxc4 Rhe8 19.
Ne2 Rd2 20. b4 Ne5 21. Bb5 Re7 22. f4 Ng4 23. h3 Nf6 24. Rf1 a6 25. Rf3 Rb2 {
0-1 Neihs,H-Cvitan,O/Oberwart 1993/EXT 98 (25)}) (9. Ne2 $5 Nbd7 10. Nd2 Nb6
11. b4 $1 cxb4 (11... Qa3 $5 {Byrne/Mednis.}) 12. c4 Be7 13. Nd4 Bd7 14. N2b3
Qa4 15. Bd3 Rc8 16. O-O O-O 17. Rc1 Nh5 18. Bd2 Bf6 19. g4 Bxd4+ 20. Nxd4 Nf6
21. Qxa4 Nxa4 22. Bxb4 $16 {1-0 Gulko,B-Browne,W/USA-ch 1992/TD (60)}) 9... Be7
10. g4 Nbd7 11. Nc4 Qc7 12. a4 O-O 13. Ne2 Re8 14. Kf2 Nf8 15. Ng3 Ng6 16. Be3
Nd7 17. Be2 Bh4 18. Qd2 Nde5 19. Kg2 Nxc4 20. Bxc4 Bd7 21. Rhe1 a6 22. Bf1 {
1/2-1/2 Benjamin,J-Ivanov,A/World Open, Philadelphia USA 1999 (22) A typical
unclear Trompovsky mess, which at the least offers scope for experimentation.})
8. dxe6 $1 Bxe6 9. Na3 $1 {[%csl Rd6][%cal Ya3b5,Ya3c4] Of course. Depending
upon black's reply, the knight has a pleasant choice of places to hop to.} Nc6
10. Nc4 Bxc4 11. Bxc4 $14 Be7 {Definitely practically best, even if can be
shown that white can capture on b7 without fear. If black takes a further time
out to deal with the problem of Qb3 then white has time to develop comfortably,
head for f5 with his knight and enjoys an extremely pleasant game.} 12. Qb3 $5
{Those who like to read history retrospectively and were impressed by the
attacking resources which black was able to produce in the game, tended to
question this, and claim a very big plus from the alternative Ne2. Two
considerations: 1) In spite of all the practical difficulties, and nervous
moments to come, the text might be just about 'winning' with best play. 2) The
alternative} (12. Ne2 $5 {[%csl Rg7,Rh6][%cal Ye2g3,Yg3f5,Gg7g6] indeed looks
tempting since if black has to avoid the knight's intended landing on f5 by
playing g6 then he does really have a lot of weaknesses to consider. However,
while I think white retains an edge, I am not convinced that} O-O 13. O-O Ne5
14. Bxe5 dxe5 15. Ng3 Qc7 $14 {is so tragic for black despite white's superior
bishop.}) 12... O-O 13. Qxb7 Rab8 {[%mdl 512] Although come the run-up to move
40 the game was to de-generate into a mad time scramble that was distinctly
mutual, here it was Hichem who was consuming vast amounts of time. Of course,
no one likes to give a piece lightly, but having seen even a part of black's
coming resources, I was surprised that he seriously considered} (13... Rfc8 14.
O-O-O Rab8 15. Qa6 Qc7 $16 {and believed that black has some play. I think
white is close to be simply a pawn up - I have big positional trumps too.}) 14.
Qxc6 Rxb2 15. Rc1 $8 (15. Ne2 $2 Rb6 16. Qc7 Rb1+ $17) 15... Rb6 16. Qc7 Bd8
17. Qc8 {This is about as far as I had calculated when entering this mass of
complications. I had a square for my queen, and places to run in the event of
17...Nxe4.} d5 $1 {There is no going back, and line-opening essential even at
extra material cost.} ({I had prepared} 17... Nxe4 18. Qf5 $1 {and was rightly
content with that.} (18. fxe4 $4 Bh4+)) 18. exd5 {In fact, I am rather lucky.
If the c-pawn would not be en prise I would be in some trouble here, and that
I had not foreseen.} (18. Bd3 {is quite dangerous for white after either} Qxa2
({or} 18... c4 19. Bc2 Nxe4 20. Qh3 Nf6) 19. Ne2 c4 20. Bc2 Rb2 $132) 18... Qa4
19. Qxc5 Re8+ {Again the best try. White's advantage is preserved only by a
nice trick in the event of the plausible} (19... Nd7 $2 20. Qd4 Bf6 21. Bb3 $1
$18) 20. Kf1 ({I didn't like} 20. Ne2 Rb2 (20... Nd7 21. Qd4 Bf6 22. Bb3 {
still seems to work.}) 21. Bg3 Bb6 22. Qc6 Qa3 {although it merited
consideration.}) 20... Nd7 21. Qd4 Rb2 22. Bb3 Qa3 23. Nh3 Bb6 24. Qb4 $6 ({
The strong feeling after was that here was my clearest missed chance, and that
returning the queen to the fray with} 24. Qd1 $1 {is simply strong. The
problem is that my most confident feeling in the whole defence came after this
mistake, while my enormously optimistic opponent seemed to be enjoying himself
through-out.}) 24... Qa6+ 25. c4 Nc5 {[%cal Gc5d3,Gc5b3]} 26. Re1 $2 $138 {
I do not remember at what stage time-trouble became a serious problem for me (
probably about my 7th birthday, if I were to take the broader view! ) but here
it was certainly a major issue. Hichem had still less time, but the attack
involves fewer decisions. In any case, I missed the obvious reply to this.} (
26. Rd1 $2 Nxb3 27. axb3 Qa2 $132) (26. Qc3 $5 Rbe2 (26... Ree2 27. Bc2) 27.
Bg3 Ba5 28. Qd4 Bb6 29. Qd1) 26... Qc8 $1 {Suddenly it is no longer clear
whether white can win.} 27. Bg3 $8 {Actually a good adjustment to an
unpleasant shock.} (27. Rd1 Ree2) (27. Rxe8+ Qxe8 {[%cal Re8e2]}) 27... Nd3 28.
Qc3 Nxe1 29. Qxb2 Nxf3 30. d6 $6 {A typical time-trouble reflex, played not
with the belief that the pawn will queen, but rather that it will be useful in
deflecting black's pieces.} (30. Nf4 Qg4 {[%cal Gg4f4]}) (30. gxf3 $1 Qxh3+ 31.
Qg2 Qf5 32. Bc2 Qf6 33. Bd1 Qf5 34. Be1 $1 {This move I think is quite hard to
find in time-trouble. Even in the post-mortem the positions were hard enough
to defend.} Qd3+ 35. Be2 Qa3 {Even now black will amass some pawns for his
trouble. White's problem is how to develop and make progress.}) 30... Qf5 $1 {
[%cal Yf3h2,Yf3d2]} 31. gxf3 $8 {Best, but now the draw is more or less forced.
} Qxf3+ 32. Nf2 Bxf2 33. Qxf2 Qxh1+ 34. Qg1 Qf3+ 35. Qf2 Qh1+ 36. Qg1 Qf3+
1/2-1/2

[Event "Olympiad-35"]
[Site "Bled"]
[Date "2002.10.27"]
[Round "2.1"]
[White "Winants, Luc"]
[Black "Mamedyarov, Shakhriyar"]
[Result "1/2-1/2"]
[WhiteElo "2504"]
[BlackElo "2580"]
[Annotator "Winants,L"]
[PlyCount "69"]
[EventDate "2002.10.26"]
[EventType "team-swiss"]
[EventRounds "14"]
[EventCountry "SLO"]
[SourceTitle "EXT 2004"]
[Source "ChessBase"]
[SourceDate "2003.11.25"]
[SourceVersion "1"]
[SourceVersionDate "2003.11.25"]
[SourceQuality "1"]
[WhiteTeam "Belgium"]
[BlackTeam "Azerbaijan"]
[WhiteTeamCountry "BEL"]
[BlackTeamCountry "AZE"]

{A l'annonce de notre duel contre l'équipe d'Azerbaïdjan, ancienne patrie de
Gary Kasparov, je m'attendais а rencontrer leur nouveau prodige, Teimour
Radjabov, dont les récents exploits n'ont pas manqué d'attirer l'attention de
la presse internationale. Leur capitaine en décida pourtant autrement et je
fus finalement opposé а Shakhriyar Mamedyarov, autre enfant terrible, qui
venait tout juste de remporter le championnat d'Europe des moins de 18 ans en
Espagne. Autant dire que son Elo de 2580 points ne pouvait me donner qu'une
très vague idée de sa force actuelle.} 1. d4 Nf6 2. Bg5 {Il y a quelques temps,
j'avais émis l'opinion qu'il valait mieux éviter de confronter les analyses
des forêts ardennaises avec celles du club central de Moscou. Après Kasparov,
Radjabov, Mamedyarov et maintenant Gashimov (vice-champion d'Europe des moins
de 20 ans) je me permets aujourd'hui d'ajouter que Bakou fait également partie
des villes а contourner...} Ne4 3. Bf4 d5 4. e3 Bf5 5. f3 {L'idée même du
début Trompovsky : les Blancs ont attiré le Cavalier adverse sur e4, pour
gagner ensuite du terrain au centre ou sur l'aile Roi.} Nf6 6. c4 e6 7. Nc3 c6
8. Qb3 b6 9. g4 Bg6 10. h4 {J'avais déjà joué tout cela contre le Maître
International danois Michael Wiedenkeller, lors de la Coupe d'Europe des clubs
2000 en Bosnie. Les Blancs saisissent encore l'occasion de gagner de l'espace
et tentent de dissuader leur adversaire d'effectuer le petit roque.} h6 11.
O-O-O ({Au lieu de} 11. Nh3 {essayé dans la partie sus-mentionnée.}) 11... a5 {
Mamedyarov ne perd pas un instant et profite de la belle diagonale dont il
dispose (g6-b1) pour amorcer sa contre-attaque.} 12. cxd5 {Pour dégager les
lignes et tirer parti de l'avance en développement.} (12. Nh3 {se serait
révélé beaucoup trop nonchalant :} a4 $1 13. Nxa4 dxc4 14. Qxb6 (14. Bxc4 b5)
14... Rxa4 15. Qxd8+ Kxd8 16. Bxb8 c3 {et les Noirs prennent le dessus car si}
17. bxc3 {alors} Rxa2 {suivi d'un échec mortel sur a3.}) 12... a4 $6 {Il reste
imperturbable et poursuit sa progression. Cependant le sacrifice du pion ne me
paraît pas entièrement correct car les Noirs passent а l'offensive sans le
soutient de nombreuses pièces encore postées sur leur case initiale.} ({Sur} 
12... exd5 {j'avais l'intention de continuer par} 13. e4 (13. Bd3 {ne serait
pas mal non plus}) 13... dxe4 14. h5 Bh7 15. Bc4 {etc. avec de belles
possibilités.}) 13. Nxa4 Nxd5 14. Ne2 {Le Cavalier arrive а la rescousse.} (14.
Bxb8 Qxb8 15. e4 {se heurtait а} Qf4+ 16. Kb1 Bxe4+ $1) 14... Nb4 {Vers a2,
tout en menaçant Fc2 : les Blancs n'ont pas le choix.} 15. e4 {Voilà le Fg6
écarté du jeu.} Nxa2+ 16. Qxa2 b5 17. Nec3 bxa4 18. d5 $1 {La pointe des coups
précédents :Les Blancs frappent au centre, au moment où l'armée adverse, loin
d'être mobilisée, sommeille encore sur la huitième rangée.} a3 $1 {La
meilleure chance : Les Noirs menacent de gagner la Dame via axb2+ suivi de Fa3}
({Si} 18... exd5 19. Nxd5 $1 cxd5 (19... Bd6 20. Nc7+ Qxc7 21. Bxd6) 20. Bb5+
Nd7 21. Rxd5 Ra7 22. Rhd1 {Et les Blancs gagnent.}) 19. dxc6 $2 {J'ai d'abord
étudié cette position sans aucun état d'âme et envisagé bon nombre de
variantes. Je m'apprêtais donc а les calculer séparément, selon la bonne
vieille méthode décrite par les plus grands entraîneurs, quand me vint
subitement l'idée, que cette partie pouvait être gagnée par un sacrifice de
Tour complètement surnaturel. Dès ce moment, il n'était donc plus question de
réfléchir а autre chose et les sentiments l'ont emporté sur le bon sens.
Pourtant le soir même, quelque peu déçu du résultat, j'ai demandé l'avis des
logiciels... Pour découvrir а ma grande surprise que le fameux programme
"Fritz" optait exactement pour le même concept ! Finalement, j'ai profité de
mon jour de repos а la cinquième ronde pour chercher encore et au bout du
compte j'ai pu vérifier que le gain était bel et bien а ma portée :} (19. Nb5
$1 {conjuguant l'attaque vers c7 avec la défense de a3.} Na6 (19... axb2+ 20.
Qxb2 cxd5 21. Nc7+ Qxc7+ 22. Bxc7 Ba3 23. Bb5+ Ke7 24. exd5 {Et ce pion arrive
sur d6}) (19... cxb5 20. Bxb5+ Nd7 21. dxe6 axb2+ 22. Qxb2 Ba3 23. exd7+ Ke7
24. Qxa3+ Rxa3 25. Bd6+ Kf6 26. e5+ Ke6 27. Bc4+ Kxd7 28. Bxa3+ {gagne}) (19...
e5 20. dxc6 (20. Bxe5 cxb5) 20... Qb6 (20... Qc8 21. c7) 21. c7 Qc5+ (21... Nd7
22. Qd5) 22. Kb1 Nd7 23. Rc1 {Les Noirs sont perdus}) 20. dxe6 $1 (20. dxc6 Qb6
21. Nd6+ Bxd6 22. Bxd6 Qe3+ 23. Rd2 Nc5) 20... Qf6 (20... Qb6 21. Nxa3) 21.
Nd6+ Bxd6 22. Bxd6 Nb4 ({si} 22... Qxf3 23. Rh3 Qxe4 24. exf7+ Bxf7 25. Qxa3 {
et puis Te3}) 23. Bxb4 axb2+ 24. Qxb2 Ra1+ 25. Kc2 Qxb2+ 26. Kxb2 Rxd1 27. h5
$1 Rxf1 (27... Bh7 28. exf7+ Kxf7 29. Bc4+) 28. Rxf1 Bh7 29. Ra1 {fini.}) 19...
Qf6 {[#]} ({Evidemment pas} 19... axb2+ $2 20. Kb1 Qxd1+ 21. Nxd1 Rxa2 22. c7
$1 {et fait Dame.}) 20. Rd8+ $3 {L'histoire des échecs ne manque pas
d'anecdotes quant aux réactions de certains spectateurs devant un coup
spectaculaire. Frank Marshall, pour son fameux 23... Dg3!! contre Levistsky а
Breslau en 1912, avait vu un riche patron recouvrir son échiquier de pièces
d'or. Quelques années plus tôt, Steinitz avait soulevé des tonnerres
d'applaudissements, et provoqué, bien malgré lui, le départ de son adversaire
von Bardeleben lors du tournoi de Hastings en 1895. Ici la réaction ne vint
malheureusement pas d'un spectateur, mais du second tableau de l'Azerbaïdjan,
Vugar Gashimov а ce point surpris, qu'il en fut frappé d'une crise d'épilepsie.
J'ai donc immédiatement arrêté les pendules afin de permettre а mon adversaire
de lui venir en secours et Geert Vanderstricht, loin de vouloir gagner par
défaut, proposa la nullité via l'arbitre Geurt Geyssen. Gashimov ne voulut
pourtant rien entendre et forcément très éprouvé, ce champion perdit quelques
heures plus tard une finale de Tours où il comptait un pion de plus...} Qxd8
21. c7 {Tout est là : le pion avance avec gain de temps et l'échec sur b5
menace.} axb2+ {La réplique adéquate :} ({si} 21... Qc8 22. cxb8=Q Rxb8 23.
Bxb8 Qxb8 24. Bb5+) (21... Qxc7 22. Bxc7 axb2+ 23. Kxb2 Rxa2+ 24. Nxa2 Nc6 25.
Bb5 Kd7 26. Be5 $18) 22. Kb1 (22. Qxb2 $2 Ba3 {ne convenait manifestement pas})
({et sur} 22. Kxb2 Rxa2+ 23. Kxa2 Qxc7 24. Bxc7 Bb4 {Les Noirs n'ont rien а
craindre.}) 22... Rxa2 23. Bb5+ Nd7 24. cxd8=R+ $1 {L'Echo du vingtième coup...
} Kxd8 25. Kxa2 f6 {C'est cette défense, qui permet au Fg6 de reculer sur e8,
qui m'avait complètement échappé.} (25... Nc5 {entraînait la défaite après} 26.
Na4 Kc8 (26... Be7 27. Rd1+ Kc8 28. Nxc5 Bxc5 29. Ba6#) 27. h5 Bh7 28. Kxb2 Kb7
29. Rc1 Nxa4+ 30. Bxa4 {etc.}) 26. Rd1 Be8 27. Na4 Ke7 $1 {Les Noirs
parviennent donc а se regrouper.} 28. Kxb2 Ne5 29. Bxe8 Kxe8 30. Bxe5 fxe5 31.
Rc1 Kf7 32. Rc7+ Be7 33. Nc5 {Pour assiéger le pion e5} Rb8+ 34. Kc2 Rb5 35.
Nd3 {Et nulle de commun accord.} ({Il aurait encore pu suivre :} 35. Nd3 Kf8
36. h5 Kf7 37. Kc3 Kf6 {et le dispositif des Noirs reste imprenable.}) 1/2-1/2

[Event "EU-Cup 16th"]
[Site "Neum"]
[Date "2000.09.25"]
[Round "2.1"]
[White "Winants, Luc"]
[Black "Wiedenkeller, Michael"]
[Result "1-0"]
[WhiteElo "2523"]
[BlackElo "2439"]
[Annotator "Winants,L"]
[PlyCount "77"]
[EventDate "2000.09.24"]
[EventType "team-swiss"]
[EventRounds "7"]
[EventCountry "BIH"]
[SourceTitle "CBM 080"]
[Source "ChessBase"]
[SourceDate "2001.01.25"]
[SourceVersion "1"]
[SourceVersionDate "2001.01.25"]
[SourceQuality "1"]
[WhiteTeam "Eupen Rochade"]
[BlackTeam "Bonnevoie Gambit"]
[WhiteTeamCountry "BEL"]
[BlackTeamCountry "LUX"]

1. d4 Nf6 2. Bg5 Ne4 3. Bf4 d5 4. e3 Bf5 5. f3 ({Quelques mois auparavant,
lors du championnat intercercles des Pays-Bas, j'avais essayé contre Timman le
coup} 5. Bd3 {, mais sans réussir а conserver l'initiative. Le coup choisi est
plus énergique car il exploite la position des pièces mineures ennemies pour
gagner de l'espace а l'aile Roi}) 5... Nf6 6. c4 c6 7. Nc3 e6 8. Qb3 {
Profitant de la sortie du Bc8 en f5.} b6 (8... Qc8 9. Rc1 Nbd7 10. g4 Bg6 11.
h4 h6 12. Nh3 {Hodgson-Sukharisingh, Bundesliga 1996}) (8... Qb6 9. c5 Qxb3 10.
axb3 {/\ b4-b5}) (8... Qd7 9. g4 Bg6 10. c5 (10. h4) 10... Be7 (10... Qc8) 11.
h4 h6 12. Nb5 cxb5 13. Bxb8 a6 14. Bg3 O-O 15. Nh3 Qc6 16. Nf4 Bh7 17. Bd3 Bxd3
18. Nxd3 {Miles-Kovacevic, Benasque 1997}) 9. g4 {L'idée même du cinquième
coup : L'infanterie lève le camp.} Bg6 10. h4 {[%csl Ge3,Gf3,Gg4,Gh4] Cette
phalange de pions suffit déjà pour dissuader les Noirs d'effectuer le petit
roque. Leur Roi se trouve donc retenu au centre.} h6 11. Nh3 {Vers f4.} Be7 ({
Au lieu de} 11... Bd6 12. O-O-O {Hodgson-Pribyl, Bundesliga 1996}) 12. O-O-O a5
{[%cal Ra5a4] Menaçant 13...a4, suivi en case de prise, par dxc4 et puis la
fourchette en b5.} 13. cxd5 exd5 14. Bd3 {Pour échanger le puissant Fou
adverse.} ({Cependant le coup} 14. Nf2 $5 {était également а envisager.} {
Car après} b5 {il suivrait} 15. Bd3 {[%cal Yf2d3,Gd3e5,Gd3c5] et le Cavalier
parviendrait а contrôler de nombreux points importants.}) 14... Bxd3 15. Rxd3
Nbd7 {Les Noirs projettent d'installer ce Cavalier sur l'avant-poste c4, via ..
.b5, puis Nd7-b6-c4.} 16. Rdd1 {Pour rétablir la liaison entre les Tours,
avant le coup de bélier en g5.} Nh7 {Tombant de Charybde en Scylla : Les Noirs
évitent la percée sur g5, mais négligent les cases centrales.} ({Si toutefois,
} 16... b5 17. g5 hxg5 18. hxg5 Nh5 19. g6 $1 fxg6 20. Qc2 Nf8 21. Be5 {
Avec une forte attaque.}) 17. e4 $1 {Le chat est parti, les souris dansent !}
dxe4 ({Supposons} 17... Bxh4 {il suivrait} 18. exd5 cxd5 19. Bd6 {avec un
assaut décisif.} {Par exemple,} Ndf6 20. Qb5+ Qd7 21. Rde1+ $1 Bxe1 22. Rxe1+
Kd8 (22... Ne4 23. Qxd5) 23. Qxb6+ Kc8 24. Re7 $18) 18. Nxe4 {[%cal Re4d6] Ce
Cavalier envisage le bond vers d6.} Ndf6 (18... O-O 19. g5 $16) 19. g5 {
Les Noirs sont pris de vitesse.} Nd5 ({Ou} 19... hxg5 20. hxg5 Nd5 21. Be5 Nxg5
(21... Kf8 22. f4 a4 23. Qf3) 22. Nhxg5 Bxg5+ 23. Nxg5 Qxg5+ 24. f4 $18 {
Et gagne du matériel.}) 20. gxh6 gxh6 21. Bxh6 Bxh4 22. Nf4 {Un dernier
renfort ! Les Blancs menacent 23.Nxd5 cxd5 24.Qb5+ (ץh4)} a4 {Il n'y avait
plus de remède.} (22... Nhf6 23. Bg5 $18) (22... Nxf4 23. Bxf4 Be7 24. Be5 f6
25. Qe6 $1 fxe5 26. Nf6+ $1 {Le mat suit}) (22... Nf8 23. Nxd5 cxd5 (23... Rxh6
24. Rxh4 $1 Qxh4 (24... Rxh4 25. Nef6+) 25. Nc7+ {[%csl Ya8,Gc7,Ye8]}) 24. Qb5+
Nd7 (24... Qd7 25. Rxh4 $1 Qxb5 26. Nd6+ {[%csl Yb5,Gd6,Ye8]}) 25. Nd6+ Ke7 26.
Nf5+ {[%csl Ye7,Gf5,Yh4]}) 23. Qc4 Rc8 24. Nxd5 $1 cxd5 (24... Qxd5 25. Qa6 $18
{[%cal Ra6c8,Rh1h4]}) 25. Nd6+ Kd7 26. Qxc8+ Qxc8+ 27. Nxc8 Rxc8+ 28. Kb1 (28.
Kd2) 28... Bf6 29. Bg7 {Le reste est simple.} Rg8 30. Rxh7 (30. Bxf6 Nxf6 31.
Rh6 $18) 30... Rxg7 31. Rxg7 Bxg7 32. Kc2 Ke6 33. Kd3 Kf5 {Ce coup facilite la
tâche des Blancs.} ({Si toutefois} 33... Bf6 34. Rc1 Kd7 {Les Blancs pourront
toujours restituer la qualité pour amener une finale de pions gagnante :} 35.
Rg1 Be7 36. Rg8 b5 37. Ra8 Bd6 (37... f6 38. Ra7+ Kd6 39. Rb7) 38. Ra7+ Bc7 (
38... Ke6 39. Ra5) 39. Kc3 Kc6 40. Rxc7+ Kxc7 41. Kb4 Kb6 42. f4 f5 43. a3 $22
Kc6 (43... Ka6 44. Kc5) 44. Ka5 $18) 34. Rc1 Bf8 35. Rc8 Bb4 36. Rc6 Ba5 37.
Rd6 f6 38. Rxd5+ Kf4 39. Rb5 1-0